| 000 | 01139nam a22002657a 4500 | ||
|---|---|---|---|
| 001 | BD-DhSAU 8487 | ||
| 003 | BD-DhSAU | ||
| 005 | 20181224102307.0 | ||
| 008 | 150420b2010 bg ||||| m||| 000 0 eng d | ||
| 040 | _aBD-DhSAU | ||
| 082 |
_222 _a.... _b.... |
||
| 100 |
_aTalukder, Shahnewaz Alam _eRegistration # 08-3280 |
||
| 245 |
_aVariability correlation and path co-efficient analysis of Bitter gourd (Momordica charantia L.) / _bMS thesis _cShahnewaz Alam Talukder |
||
| 260 |
_aSher-e-Bangla Agricultural Universities : _bDepartment of Genetics and Plant Breeding, _c2010. |
||
| 300 |
_axii, 77p. ; _c30 cm. _bill. ; |
||
| 500 | _aMS thesis of Department of Genetics and Plant Breeding, Faculty of Agriculture, Sher-e-Bangla Agricultural University, Dhaka, Bangladesh | ||
| 590 | _aerfat | ||
| 650 | _aGenetics and Plant Breeding. | ||
| 650 | _aCorrelation | ||
| 650 | _a Bitter gourd (Momordica charantia L.) | ||
| 700 |
_aBhuiyan, Md Shahidur Rashid _eSuperviser |
||
| 700 |
_aMahmud, Firoz _eCo-superviser |
||
| 856 | _uhttp://archive.saulibrary.edu.bd:8080/xmlui/handle/123456789/816 | ||
| 942 |
_2ddc _cTHESIS |
||
| 999 |
_c8487 _d8487 |
||